000 00627nam a2200229Ia 4500
003 OSt
005 20221005033704.0
006 a|||||r|||| 00| 0
007 ta
008 221004b |||||||| |||| 00| 0 eng d
024 _a27013
037 _bGift, 16/05/2016,
_cTextual
040 _aCRL
_cCRL
_beng
041 _2eng
_aeng
082 _aY:45:61.281, [Q6]
245 0 _aSmart
_b Way to a safer Delhi
260 _aDelhi
_bCommissioner of Police India
_c2014
300 _a73p.
_ccm.
650 _aSOCIOLOGY
942 _hY:45:61.281, [Q6]
_cTEXL
_2cc
999 _c941931
_d941931